Oceňovanie a vykazovanie majetku a záväzkov v mikro účtovnej jednotke bakalárska práca

Gespeichert in:
Bibliographische Detailangaben
1. Verfasser: Mušková, Dominika
Körperschaft: Fakulta hospodárskej informatiky EU. Katedra účtovníctva a audítorstva
Weitere Verfasser: Bednárová, Beáta
Format: Buch
Sprache:Slowakisch
Veröffentlicht: Bratislava 2015
Tags: Tag hinzufügen
Keine Tags, Fügen Sie das erste Tag hinzu!

MARC

LEADER 00000nbm a2200000 4500
001 0204139
005 20161212114112.2
041 0 |a slo 
044 |a SK 
245 1 0 |a Oceňovanie a vykazovanie majetku a záväzkov v mikro účtovnej jednotke  |b bakalárska práca  |c Dominika Mušková ; školiteľ: Beáta Bednárová 
264 1 |a Bratislava  |c 2015 
300 |a 35 s. 
100 1 |a Mušková, Dominika 
700 1 |a Bednárová, Beáta 
710 2 |a Fakulta hospodárskej informatiky EU. Katedra účtovníctva a audítorstva